Walking across North American borders: from Canada to Panama - Statistics

General Stats
  • This quiz has been taken 245 times
  • The average score is 9 of 10
Answer Stats
Country % Correct
Canada
100%
Mexico
100%
United States
100%
Belize
87%
Guatemala
82%
El Salvador
79%
Honduras
78%
Nicaragua
76%
Panama
76%
Costa Rica
73%
No matching quizzes found
Score Distribution
Percent of People with Each Score
Percentile by Number Answered
Your Score History
You have not taken this quiz